000
00294nam a22001337a 4500
008
181010b xxu||||| |||| 00| 0 eng d
020
_a
9780815185949
041
_a
eng
080
_a
610.73
100
_a
2
101
_a
INF
245
_a
Current Issues in Nursing
_c
Comi, J
942
_2
udc
_c
BK
999
_c
49312
_d
49312